Word Ladder: Wet Warfare Quiz Stats

 Plays Quiz Updated Jun 28, 2017

Support Sporcle.
Go Orange.
Score 0/26 Timer 03:00
0 Plays Today
Hint 4-Letter Word % Correct
Saliva☂ SPIT ☂
96.9%
Opposite of give☂ TAKE ☂
96.4%
Hair on a lion or horseMANE
95.5%
CreateMAKE
95.3%
Not yours or theirsMINE
94.1%
Minor disagreementSPAT
93.3%
Camping gearTENT
93.3%
Chair or bench, e.g.SEAT
93%
Not hillyFLAT
90.1%
Fork partTINE
89.7%
Color hueTINT
89.5%
Milk dispenserTEAT
87.8%
Custard dessertFLAN
83%
Hint 4-Letter Word % Correct
Line in the hairPART
82.4%
AccomplishmentFEAT
81.1%
Not under or through☂ OVER ☂
80.4%
Mossy fuelPEAT
77.5%
Light beersALES
76.9%
Tailless primatesAPES
76.8%
Container weightTARE
74.6%
Remove skin or peelPARE
73.8%
CheekyPERT
72.9%
Spaceman ShepardALAN
71.3%
Interjection of woeALAS
69.3%
A copycatAPER
63.1%
Affirm with confidenceAVER
61.5%

Today's Daily Dose

You're not logged in!

Compare scores with friends on all Sporcle quizzes.
OR
Log In
Forgot?

From the Vault

Love Your Body

by shirleyalpha

We're all about body acceptance here.
Remove Ads.
Support Sporcle.
Get the best of Sporcle when you Go Orange. This ad-free experience offers more features, more stats, and more fun while also helping to support Sporcle. Thank you for becoming a member.

Show Comments

Extras

Top Quizzes Today


Score Distribution

Your Account Isn't Verified!

In order to create a playlist on Sporcle, you need to verify the email address you used during registration. Go to your Sporcle Settings to finish the process.

Report this User

Report this user for behavior that violates our Community Guidelines.

Details: